Quiz a Scelta Multipla sulla Città – Firenze - Statistics

Statistiche generali
  • Questo quiz è stato fatto 94 volte
  • Il punteggio medio è 10 su 10
Statistiche sulle risposte
Domanda Risposta % Corretto
Quale fiume scorre attraverso Firenze? Arno
100%
Quale di queste famiglie ha governato Firenze? Medici
100%
Che cos’è gli Uffizi? una galleria d’arte
100%
Come è conosciuta Firenze in inglese? Florence
99%
Firenze è considerata la culla di ... Il Rinascimento
99%
Firenze è il capoluogo di quale regione? Toscana
99%
Chi tra queste persone è nato in una piccola città a circa 25 chilometri da Firenze? Leonardo da Vinci
97%
Qual è il ponte più famoso di Firenze? Ponte Vecchio
97%
Quale di queste opere d’arte si può vedere a Firenze? Il David di Michelangelo
94%
Quale autore fiorentino ha scritto "Il Principe", una guida pratica per i governanti? Niccolò Machiavelli
84%
Nessun quiz corrispondente trovato
Distribuzione punteggi
Percentuale di utenti per punteggio
Percentile per numero di risposta
I tuoi punteggi nel tempo
Non hai fatto questo quiz